Como lograr la disciplina en el niño y en el adolescente. : (Record no. 34842)
[ view plain ]
| 000 -CABECERA | |
|---|---|
| campo de control de longitud fija | 00870nam a2200217 a 4500 |
| 001 - NÚMERO DE CONTROL | |
| campo de control | 000035351 |
| 005 - FECHA Y HORA DE LA ÚLTIMA TRANSACCIÓN | |
| campo de control | 20200930074258.0 |
| 008 - DATOS DE LONGITUD FIJA--INFORMACIÓN GENERAL | |
| campo de control de longitud fija | 111027s1972 ag 000 0 spa d |
| 040 ## - FUENTE DE LA CATALOGACIÓN | |
| Centro catalogador/agencia de origen | DO-SdBNP |
| Lengua de catalogación | spa |
| Centro/agencia transcriptor | BNPHU |
| 082 ## - NÚMERO DE LA CLASIFICACIÓN DECIMAL DEWEY | |
| Número de clasificación | xxxx |
| 100 1# - ENTRADA PRINCIPAL--NOMBRE DE PERSONA | |
| Nombre de persona | Dreikurs, Rudolf, |
| Fechas asociadas al nombre | 1897- |
| 9 (RLIN) | 61138 |
| 240 10 - TÍTULO UNIFORME | |
| Título uniforme | A parent´s guide to child discipline |
| Lenguaje de la obra | Español |
| 245 10 - MENCIÓN DE TÍTULO | |
| Título | Como lograr la disciplina en el niño y en el adolescente. : |
| Resto del título | guía práctica para padres y maestros / |
| Mención de responsabilidad, etc. | Rudolf Dreikurs, Loren Grey ; versión castellana de Nora Wastson. |
| 260 ## - PUBLICACIÓN, DISTRIBUCIÓN, ETC. | |
| Lugar de publicación, distribución, etc. | Buenos Aires : |
| Nombre del editor, distribuidor, etc. | Páidos, |
| Fecha de publicación, distribución, etc. | 1972. |
| 300 ## - DESCRIPCIÓN FÍSICA | |
| Extensión | 198 p. ; |
| Dimensiones | 20 cm. |
| 490 1# - MENCIÓN DE SERIE | |
| Mención de serie | Biblioteca del educador contemporáneo . |
| -- | Serie menor |
| Designación de volumen o secuencia | 156 |
| 500 ## - NOTA GENERAL | |
| Nota general | Traducido del inglés |
| 700 1# - PUNTO DE ACCESO ADICIONAL--NOMBRE DE PERSONA | |
| Nombre de persona | Grey, Loren |
| 9 (RLIN) | 61139 |
| 700 1# - PUNTO DE ACCESO ADICIONAL--NOMBRE DE PERSONA | |
| Nombre de persona | Wastson, Nora, |
| Término indicativo de función/relación | tr. |
| 9 (RLIN) | 61140 |
| 830 #0 - PUNTO DE ACCESO ADICIONAL DE SERIE-TÍTULO UNIFORME | |
| Título uniforme | Biblioteca del educador contemporáneo . |
| Nombre de parte o sección de la obra | Serie menor |
| Designación de volumen o secuencia | 156 |
| 9 (RLIN) | 61141 |
| Estado de retiro | Estado de pérdida | Restricciones de uso | No para préstamo | Código de colección | Localización permanente | Ubicación/localización actual | Ubicación en estantería | Fecha de adquisición | Número de inventario | Total de préstamos | Signatura topográfica completa | Código de barras | Fecha visto por última vez | Precio válido a partir de | Tipo de ítem Koha |
|---|---|---|---|---|---|---|---|---|---|---|---|---|---|---|---|
| Excluido de préstamo | Monografías: Libros y Folletos | General | General | En catalogación | 27.10.2011 | LF1 | xxxx | 35351-10 | 25.06.2020 | 25.06.2020 | No se presta |
